Актуальные проблемы развития вертикальной интеграции системы образования, науки и бизнеса: экономические, правовые и социальные аспекты (Запись № 10776437)
[ простой вид ]
| 000 -МАРКЕР | |
|---|---|
| контрольное поле | 02060nam1a2200265 i 4500 |
| 001 - ИДЕНТИФИКАТОР ЗАПИСИ | |
| контрольное поле | RU\NLR\BIBL_A\010949761 |
| 005 - ИДЕНТИФИКАТОР ВЕРСИИ | |
| контрольное поле | 20241104065232.0 |
| 035 ## - ДРУГИЕ СИСТЕМНЫЕ НОМЕРА | |
| Идентификатор записи | (NLR Aleph) 010949761 |
| 100 ## - ДАННЫЕ ОБЩЕЙ ОБРАБОТКИ | |
| Данные общей обработки | 20151210g20149999km y0rusy50 ca |
| 101 0# - ЯЗЫК РЕСУРСА | |
| Язык текста, звукозаписи и т.д. | русский |
| 102 ## - СТРАНА ПУБЛИКАЦИИ ИЛИ ПРОИЗВОДСТВА | |
| Страна публикации | Российская Федерация |
| 105 ## - ПОЛЕ КОДИРОВАННЫХ ДАННЫХ: ТЕКСТОВЫЕ МАТЕРИАЛЫ, МОНОГРАФИЧЕСКИЕ | |
| Кодированные данные о монографическом текстовом документе | ||||z ||||| |
| 200 1# - ЗАГЛАВИЕ И СВЕДЕНИЯ ОБ ОТВЕТСТВЕННОСТИ | |
| Основное заглавие | Актуальные проблемы развития вертикальной интеграции системы образования, науки и бизнеса: экономические, правовые и социальные аспекты |
| Сведения, относящиеся к заглавию | материалы II Международной научно-практической конференции, [состоявшейся 23-24 октября 2014 г. в Воронежском экономико-правовом институте |
| Первые сведения об ответственности | под ред. С.Л. Иголкина] |
| 210 ## - ПУБЛИКАЦИЯ, РАСПРОСТРАНЕНИЕ И ДР. | |
| Место издания, распространения и т.д. | Воронеж |
| Имя издателя, распространителя и т. д. | Воронежский ЦНТИ - филиал ФГБУ "РЭА" Минэнерго России |
| Дата издания, распространения и т.д. | 2014 |
| 215 ## - ФИЗИЧЕСКАЯ ХАРАКТЕРИСТИКА | |
| Размеры | 20 |
| 300 ## - ОБЩИЕ ПРИМЕЧАНИЯ | |
| Текст примечания | В надзаг.: Автоном. некоммерч. образоват. орг. высш. проф. образования Воронеж. экономико-правовой ин-т |
| 606 ## - НАИМЕНОВАНИЕ ТЕМЫ КАК ПРЕДМЕТ | |
| Наименование темы | Образование |
| Формальный подзаголовок | Съезды, совещания и т.п |
| Тематический подзаголовок | Интеграция |
| Системный номер авторитетной/нормативной записи | 2314026 |
| Идентификатор авторитетной/нормативной записи | RU\NLR\AUTH\661384755 |
| 686 1# - ИНДЕКСЫ ДРУГИХ КЛАССИФИКАЦИЙ | |
| Индекс | Ч34(0)я431 |
| 702 #1 - ИМЯ ЛИЦА - ВТОРИЧНАЯ ОТВЕТСТВЕННОСТЬ | |
| Код отношения | Редактор |
| Начальный элемент ввода | Иголкин |
| Часть имени, кроме начального элемента ввода | С. Л. |
| Даты | 1963- |
| Расширение инициалов личного имени | Сергей Леонидович |
| Системный номер авторитетной/нормативной записи | 155793 |
| Идентификатор авторитетной/нормативной записи | RU\NLR\AUTH\770155832 |
| 711 12 - НАИМЕНОВАНИЕ ОРГАНИЗАЦИИ - АЛЬТЕРНАТИВНАЯ ОТВЕТСТВЕННОСТЬ | |
| Начальный элемент ввода | "Актуальные проблемы развития вертикальной интеграции системы образования, науки и бизнеса: экономические, правовые и социальные аспекты", международная научно-практическая конференция |
| Порядковый номер временной организации и / или порядковый номер ее части | 2 |
| Место проведения временной организации | Воронеж |
| Дата проведения временной организации | 2014 |
| Системный номер авторитетной/нормативной записи | 497718 |
| Идентификатор авторитетной/нормативной записи | RU\NLR\AUTH\880416303 |
| 852 ## - МЕСТОНАХОЖДЕНИЕ И ШИФР ХРАНЕНИЯ | |
| Идентификатор организации | NLR |
| Шифр хранения (Call Number) | 2015-3/40220 |
| 942 ## - ДОПОЛНИТЕЛЬНЫЕ ЭЛЕМЕНТЫ ЗАПИСИ (АБИС) | |
| Тип экземпляра АБИС | Книга |
Нет доступных экземпляров.